000 00474nmm a2200157Ia 4500
008 251105s9999||||xx |||||||||||||||||und||
020 _a9789580613404
041 _aspa
100 _aMejía Gutiérrez, Coronel Hernán
245 0 _aMe niego a arrodillarme
264 _a[Bogotá, Colombia] :
_bOveja Negra,
_c2016
300 _a297 páginas
650 _aHistory of the Americas: Latin America
856 _uhttps://public.digitaliapublishing.com/a/46705
942 _cCF
999 _c94981
_d94981